Loading...
| Fine Arts - Classical Music | 0 | 5 | 0 | 1 | 50 | 17 | 68.40 | 2 | 4 | 0.00 | 0.00 |
| Fine Arts - Visual | 0 | 4 | 1 | 0 | 35 | 52 | 56.00 | 2 | 4 | 0.00 | 0.00 |
| History - Other | 0 | 3 | 0 | 0 | 30 | 39 | 66.67 | 1 | 2 | 0.00 | 0.00 |
| Philosophy | 0 | 3 | 0 | 0 | 30 | 105 | 114.67 | 0 | 0 | 0.00 | 0.00 |
| Social Science | 0 | 2 | 0 | 0 | 20 | 73 | 84.50 | 1 | 1 | 0.00 | 0.00 |
| Literature - European | 0 | 2 | 0 | 0 | 20 | 52 | 87.50 | 2 | 2 | 0.00 | 0.00 |
| Science - Chemistry | 0 | 3 | 2 | 1 | 20 | 61 | 80.00 | 1 | 2 | 0.00 | 0.00 |
| Literature - British | 0 | 1 | 0 | 1 | 10 | 138 | 138.00 | 0 | 0 | 0.00 | 0.00 |
| Fine Arts - Other | 0 | 2 | 2 | 1 | 10 | 70 | 93.00 | 2 | 2 | 0.00 | 0.00 |
| Literature - World/Other | 0 | 1 | 0 | 0 | 10 | 50 | 50.00 | 1 | 1 | 0.00 | 0.00 |
| History - World | 0 | 1 | 0 | 0 | 10 | 99 | 99.00 | 0 | 1 | 0.00 | 0.00 |
| Literature - American | 0 | 1 | 0 | 0 | 10 | 69 | 69.00 | 0 | 0 | 0.00 | 0.00 |
| Science - Biology | 0 | 1 | 1 | 0 | 5 | 118 | 118.00 | 0 | 0 | 0.00 | 0.00 |
| History - European | 0 | 1 | 1 | 0 | 5 | 81 | 81.00 | 0 | 1 | 0.00 | 0.00 |
| Other Academic | 0 | 0 | 0 | 0 | 0 | 0.00 | 0 | 0 | 0.00 | 0.00 | |
| Religion | 0 | 0 | 1 | 0 | -5 | 0.00 | 0 | 0 | 0.00 | 0.00 |